Les portes au cinéma - #2 - Statistiques

Statistiques générales
  • Ce quiz a été pris 354 fois
  • Le résultat moyen est 7 sur 12
Statistiques - réponses
Par images Réponse % Correct
Matrix
97%
Shining
96%
Alice au Pays des Merveilles
89%
Star Wars : Episode IV
88%
Jurassic Park
87%
Léon
87%
Le Château Ambulant
49%
Le Parrain
37%
Shaun le mouton
33%
Le Magicien d'Oz
26%
Suzume
20%
Beetlejuice Beetlejuice
18%
Aucun quiz correspondant
Distribution des résultats
% des personnes avec chaque résultat
Percentile par nombre de réponses
Votre historique - résultats
Vous n’avez pas pris ce quiz